000 00749cam a22001934a 4500
005 20250605163315.0
008 250528s ||||||||||||||||||||||||d
035 _a16518
040 _aGR-AtMCL
_bgre
_dGR-AtMCL
_eAACR2
245 1 _aΕμποριολογία / Τεχνική των Συναλλαγών: Τευχός Β'
250 _a
260 _bInterbooks,
_c1976
300 _a132
520 _aΤελωνεία, Γενικαί Αποθήκαι, Περί Αγορών, Περί Χρηματιστηρίων, Περί Βιομηχανίας, Περί Τραπεζών, Περί Εμπορικών Επιμελητηρίων.
700 1 _aΣφακιανος Γρηγοριος Κ
942 _cBK
999 _c2012
_d2012